Impulse archaeology / (Record no. 26776)

000 -LEADER
fixed length control field 01534cam a22004457a 4500
001 - CONTROL NUMBER
control field 14246951
005 - DATE AND TIME OF LATEST TRANSACTION
control field 20170206111359.0
008 - FIXED-LENGTH DATA ELEMENTS--GENERAL INFORMATION
fixed length control field 060130s2005 oncac b 000 0 eng d
010 ## - LIBRARY OF CONGRESS CONTROL NUMBER
LC control number 2006365602
015 ## - NATIONAL BIBLIOGRAPHY NUMBER
National bibliography number GBA574349
Source bnb
016 ## - NATIONAL BIBLIOGRAPHIC AGENCY CONTROL NUMBER
Record control number 20049071890
016 7# - NATIONAL BIBLIOGRAPHIC AGENCY CONTROL NUMBER
Record control number 013204811
Source Uk
020 ## - INTERNATIONAL STANDARD BOOK NUMBER
International Standard Book Number 0802087876 (bound : acidfree paper)
035 ## - SYSTEM CONTROL NUMBER
System control number (OCoLC)ocm57281395
040 ## - CATALOGING SOURCE
Original cataloging agency NLC
Language of cataloging eng
Transcribing agency NLC
Modifying agency OCLCQ
-- UKM
-- DLC
042 ## - AUTHENTICATION CODE
Authentication code lccopycat
043 ## - GEOGRAPHIC AREA CODE
Geographic area code n-cn---
045 ## - TIME PERIOD OF CONTENT
Time period code x7x8
050 00 - LIBRARY OF CONGRESS CALL NUMBER
Classification number NX513
Item number .A1G37 2005
055 02 - CLASSIFICATION NUMBERS ASSIGNED IN CANADA
Classification number NX1*
055 #0 - CLASSIFICATION NUMBERS ASSIGNED IN CANADA
Classification number NX1 I46
Item number G37 2005
100 1# - MAIN ENTRY--PERSONAL NAME
Personal name Garnet, Eldon.
245 10 - TITLE STATEMENT
Title Impulse archaeology /
Statement of responsibility, etc. Eldon Garnet.
260 ## - PUBLICATION, DISTRIBUTION, ETC. (IMPRINT)
Place of publication, distribution, etc. Toronto ;
-- Buffalo :
Name of publisher, distributor, etc. University of Toronto Press,
Date of publication, distribution, etc. c2005.
300 ## - PHYSICAL DESCRIPTION
Extent 271 p. :
Other physical details ill. (some col.), ports. (some col.) ;
Dimensions 29 cm.
504 ## - BIBLIOGRAPHY, ETC. NOTE
Bibliography, etc Includes bibliographical references.
630 00 - SUBJECT ADDED ENTRY--UNIFORM TITLE
Uniform title Impulse (Toronto, Ont.)
630 06 - SUBJECT ADDED ENTRY--UNIFORM TITLE
Uniform title Impulse (Toronto, Ont.)
650 #0 - SUBJECT ADDED ENTRY--TOPICAL TERM
Topical term or geographic name as entry element Arts, Canadian
Chronological subdivision 20th century.
650 #0 - SUBJECT ADDED ENTRY--TOPICAL TERM
Topical term or geographic name as entry element Canadian literature
Chronological subdivision 20th century.
650 #6 - SUBJECT ADDED ENTRY--TOPICAL TERM
Topical term or geographic name as entry element Arts canadiens
Chronological subdivision 20e siècle.
650 #6 - SUBJECT ADDED ENTRY--TOPICAL TERM
Topical term or geographic name as entry element Littérature canadienne
Chronological subdivision 20e siècle.
942 ## - ADDED ENTRY ELEMENTS (KOHA)
Source of classification or shelving scheme
Koha item type Hard Covered Materials
Classification part NX513 .A1G37 2005
Holdings
Withdrawn status Lost status Source of classification or shelving scheme Damaged status Not for loan Home library Current library Shelving location Date acquired Source of acquisition Total Checkouts Full call number Barcode Date last seen Price effective from Koha item type
          MACHAKOS UNIVERSITY LIBRARY MACHAKOS UNIVERSITY LIBRARY Technical section 06/02/2017 Donation(BFA)   NX513 .A1G37 2005 34240 13/07/2018 06/02/2017 Hard Covered Materials
© Machakos University Library, Along The Highway, Machakos Wote Rd, Machakos, Kenya P.O. Box 136 - 90100 Machakos - Kenya

Tel: ( +254 ) 723 805829 OR Fax : 044-20353 OR Email: library@mksu.ac.ke